Normal view
MARC view
- التدريس-تعليم-طرق تدريس-اختبارات و مقاييس تربوية
Entry Topical Term
001 - CONTROL NUMBER
- control field: 31123
003 - CONTROL NUMBER IDENTIFIER
- control field: JO-AjAnu
005 - DATE AND TIME OF LATEST TRANSACTION
- control field: 20230606075238.0
008 - FIXED-LENGTH DATA ELEMENTS
- fixed length control field: 230606|| aca||aabn | a|a d
040 ## - CATALOGING SOURCE
- Original cataloging agency: JO-AjAnu
- Transcribing agency: JO-AjAnu
150 ## - HEADING--TOPICAL TERM
- Topical term or geographic name entry element: التدريس-تعليم-طرق تدريس-اختبارات و مقاييس تربوية
670 ## - SOURCE DATA FOUND
- Source citation: Work cat.: (JO-AjAnu)15982: العبيدي،هاني إبراهيم شريف مؤلف/الدليمي،طه علي حسين م.مشارك/أبو الرز،جمال حسن مصطفى م.مشارك, author 31122, إستراتيجيات حديثة في التدريس والتقويم